| 000 | 01295nam a2200325 a 4500 | ||
|---|---|---|---|
| 001 | ebr10229777 | ||
| 003 | CaPaEBR | ||
| 006 | m u | ||
| 007 | cr cn||||||||| | ||
| 008 | 030116r20031939vaua s 000 0beng | ||
| 010 | _z 2003042384 | ||
| 020 | _z0971828644 (alk. paper) | ||
| 040 |
_aCaPaEBR _cCaPaEBR |
||
| 035 | _a(OCoLC)614573994 | ||
| 043 | _ae-uk--- | ||
| 050 | 1 | 4 |
_aDA445 _b.B38 2003eb |
| 082 | 0 | 4 |
_a941.06/4/092 _aB _221 |
| 100 | 1 |
_aBelloc, Hilaire, _d1870-1953. |
|
| 245 | 1 | 0 |
_aCharles II _h[electronic resource] : _bthe last rally / _cby Hilaire Belloc. |
| 260 |
_aNorfolk, VA : _bGates of Vienna Books, _c2003. |
||
| 300 |
_a223 p. : _bill. |
||
| 500 | _aOriginally published: New York : Harper & Brothers, 1939. | ||
| 533 |
_aElectronic reproduction. _bPalo Alto, Calif. : _cebrary, _d2013. _nAvailable via World Wide Web. _nAccess may be limited to ebrary affiliated libraries. |
||
| 600 | 0 | 0 |
_aCharles _bII, _cKing of England, _d1630-1685. |
| 651 | 0 |
_aGreat Britain _xHistory _yCharles II, 1660-1685. |
|
| 651 | 0 |
_aGreat Britain _xKings and rulers _vBiography. |
|
| 655 | 7 |
_aElectronic books. _2local |
|
| 710 | 2 | _aebrary, Inc. | |
| 856 | 4 | 0 |
_uhttp://site.ebrary.com/lib/rucke/Doc?id=10229777 _zAn electronic book accessible through the World Wide Web; click to view |
| 999 |
_c39086 _d39086 |
||